000 00931nam a22002415i 4500
001 166407
003 ES-MaACL
005 20250817210338.0
008 050914s1888 fr | |||||||| ||fre d
040 _aCAM
_bspa
_cCAM
100 1 _aTolstói, Lev,
_d1828-1910
_9110489
245 1 3 _aLa liberté dans l'école /
_cComte Léon Tolstoï; première traduction française par B. Tseytline et E. Jaubert ; avec une lettre Michel Bréal.
250 _a[2e éd.].
260 _aParis :
_bAlbert Savine éditeur,
_c1888 (
_eEvreux :
_fImprimerie de Charles Hérissey)
300 _a285 p. ;
_c18 cm.
595 _aLa mención de ed. consta en la cub. original.
700 1 _aTseytline, Boris (
_d18..-1889)
_9111604
700 1 _aJaubert, Ernest,
_d1856-1942
_9128280
700 1 _aBréal, Michel.
_931536
852 _aES-MaACL
_jF-9787
_z-- Enc. hol. conservando la cub. original
999 _c166407
_d166407